000171094 001__ 171094
000171094 005__ 20260506144057.0
000171094 0247_ $$2doi$$a10.1353/hsf.2023.a918090
000171094 0248_ $$2sideral$$a138310
000171094 037__ $$aART-2023-138310
000171094 041__ $$aspa
000171094 100__ $$0(orcid)0000-0001-7385-6772$$aMérida Donoso, José Antonio$$uUniversidad de Zaragoza
000171094 245__ $$aLa Transición española. Memorias públicas-memorias privadas (1975–2021) ed. by Carmen Peña Ardid y Juan Carlos Ara Torralba (review)
000171094 260__ $$c2023
000171094 540__ $$9info:eu-repo/semantics/closedAccess$$aAll rights reserved$$uhttp://www.europeana.eu/rights/rr-f/
000171094 592__ $$a0.1$$b2023
000171094 593__ $$aLiterature and Literary Theory$$c2023$$dQ4
000171094 594__ $$a0.1$$b2023
000171094 655_4 $$ainfo:eu-repo/semantics/other$$vinfo:eu-repo/semantics/publishedVersion
000171094 7102_ $$14013$$2210$$aUniversidad de Zaragoza$$bDpto. Didácticas Específicas$$cÁrea Didáctica Ciencias Socia.
000171094 773__ $$g199 (2023), 174-176$$pHispanofila$$tHispanófila$$x0018-2206
000171094 8564_ $$s276969$$uhttps://zaguan.unizar.es/record/171094/files/texto_completo.pdf$$yVersión publicada
000171094 8564_ $$s680743$$uhttps://zaguan.unizar.es/record/171094/files/texto_completo.jpg?subformat=icon$$xicon$$yVersión publicada
000171094 909CO $$ooai:zaguan.unizar.es:171094$$particulos$$pdriver
000171094 951__ $$a2026-05-06-13:58:28
000171094 980__ $$aARTICLE